Every Ck3 Innovation - Statistics

General Stats
  • This quiz has been taken 5 times
  • The average score is 7 of 91
Answer Stats
Era Innovation % Correct
Late Medieval Bombards
60%
Early Medieval Mangonels
60%
Tribal Onager
60%
Early Medieval Battlements
40%
Early Medieval Coinage
40%
Early Medieval Royal Prerogative
40%
High Medieval Trebuchet
40%
High Medieval Windmills
40%
Tribal Barracks
20%
Early Medieval Burhs
20%
Tribal Caballeros
20%
High Medieval Castle Baileys
20%
Tribal Casus Belli
20%
Tribal City Planning
20%
Late Medieval Cranes
20%
Tribal Gavelkind
20%
High Medieval Guilds
20%
Tribal Ledger
20%
Tribal Mottes
20%
Late Medieval Primogeniture
20%
Tribal Quilted Armor
20%
Late Medieval Sappers
20%
High Medieval Urbanization
20%
Late Medieval Adaptive Militia
0%
High Medieval Advanced Bowmaking
0%
Tribal All-Things
0%
Early Medieval Arched Saddle
0%
Early Medieval Armillary Sphere
0%
Early Medieval Bailiffs
0%
Tribal Bamboo Bow
0%
High Medieval Banking
0%
Tribal Bannus
0%
Early Medieval Chronicle Writing
0%
Tribal Chu-ko-nu
0%
Early Medieval Communal Government
0%
Late Medieval Condottieri
0%
Late Medieval Court Officials
0%
Tribal Crop Rotation
0%
Tribal Currency
0%
Late Medieval Deccan Unity
0%
High Medieval Desert Tactics
0%
High Medieval Divine Right
0%
Tribal Elephantry
0%
Late Medieval Ermine Cloaks
0%
High Medieval Fritzware
0%
Early Medieval Ghilman
0%
High Medieval Heraldry
0%
Early Medieval Hereditary Rule
0%
High Medieval Hoardings
0%
High Medieval Hobbies
0%
Early Medieval Horseshoes
0%
Early Medieval Household Soldiers
0%
High Medieval Knighthood
0%
High Medieval Land Grants
0%
Late Medieval Legionnaires
0%
Tribal Longships
0%
Late Medieval Machicolations
0%
Early Medieval Manorialism
0%
High Medieval Men-at-Arms
0%
High Medieval Muladi
0%
Early Medieval Mural Sextant
0%
Tribal Mustering Grounds
0%
Late Medieval Noblesse Oblige
0%
High Medieval Ostsiedlung
0%
High Medieval Peerage
0%
High Medieval Pike Columns
0%
Tribal Planned Assemblies
0%
Late Medieval Plate Armor
0%
Tribal Pole Vault
0%
Late Medieval Promissory Notes
0%
Tribal Public Works
0%
Late Medieval Rectilinear Schiltron
0%
Late Medieval Renaissance Thought
0%
Late Medieval Rightful Ownership
0%
Late Medieval Royal Armory
0%
Tribal Sahel Horsemen
0%
High Medieval Sanitation
0%
High Medieval Sarawit
0%
High Medieval Scutage
0%
High Medieval Seigneurialism
0%
Early Medieval Spiritual Expansionism
0%
Early Medieval Stammesherzogtum
0%
Late Medieval Standing Armies
0%
Tribal Table of Princes
0%
Late Medieval Valets
0%
Tribal Varangian Adventures
0%
Tribal War Camels
0%
Tribal West African Canoes
0%
Late Medieval Wierdijks
0%
Tribal Wootz Steel
0%
Late Medieval Zweihanders
0%
No matching quizzes found
Score Distribution
Percent of People with Each Score
Percentile by Number Answered
Your Score History
You have not taken this quiz